000 00941nam a22003017a 4500
001 BR2015005923
003 BR-BrBNA
005 20230928104737.0
007 ta
008 230509b bl.||||| |||| 00| 0 por d
040 _aBR-BrBNA
_bpor
_cBiblioteca Nacional de Agricultura
041 _a(Por)
072 _aL53
_b5213
090 _ 5213 BR2015005923
100 1 _aBottino, M.P.
110 1 _aUniversidade Federal de Lavras, MG (Brasil)
_0Tese (Mestrado em Ciências Veterinárias)
245 1 _aAdição de gonadotrofinas em protocolos de IATF e fertilidade de vacas Bos indicus
260 3 _aLavras, MG (Brasil):
_c2014.
300 _a55 p.
500 _aIncludes several bibliographies; Summaries (Eng, Por); 3 tables
650 _aBOS INDICUS
650 _aGADO ZEBU
650 _aINSEMINAÇÃO ARTIFICIAL
650 _aGONADOTROFINA
650 _aFERTILIDADE
909 _a202309
_bLucia
_c55
_dLucia Elande
942 _cBK
999 _c81523
_d81523